Miniaturized triple-band microstrip antenna for 5G wireless applications / (Record no. 615888)
[ view plain ]
| 000 -LEADER | |
|---|---|
| fixed length control field | 00808nam a22001697a 4500 |
| 003 - CONTROL NUMBER IDENTIFIER | |
| control field | NUST |
| 082 ## - DEWEY DECIMAL CLASSIFICATION NUMBER | |
| Classification number | 621.382,KHA |
| 100 ## - MAIN ENTRY--PERSONAL NAME | |
| Personal name | Khaleel, Muhammad Bilal Khan |
| 9 (RLIN) | 132870 |
| 245 ## - TITLE STATEMENT | |
| Title | Miniaturized triple-band microstrip antenna for 5G wireless applications / |
| Statement of responsibility, etc. | Muhammad Bilal Khan Khaleel, Muhammad Saqib, Saim Bajwa and Junaid Fareed (TCC-27/ TE-52) |
| 260 ## - PUBLICATION, DISTRIBUTION, ETC. | |
| Place of publication, distribution, etc. | Rawalpindi |
| Name of publisher, distributor, etc. | MCS (NUST) |
| Date of publication, distribution, etc. | May, 2019 |
| 300 ## - PHYSICAL DESCRIPTION | |
| Extent | xi, 42 p.; |
| 505 ## - FORMATTED CONTENTS NOTE | |
| Formatted contents note | Introduction (Page-1), Basic Antenna Parameters (Page-6), Basic Antenna Parameters (Page-10), Design Evolution (Page-18), Measurements and Results (Page-26), Further Research’s (Page-37), Bibliography (Page-38). |
| 650 ## - SUBJECT ADDED ENTRY--TOPICAL TERM | |
| Topical term or geographic name entry element | UG Project |
| 9 (RLIN) | 131132 |
| 651 ## - SUBJECT ADDED ENTRY--GEOGRAPHIC NAME | |
| Geographic name | TCC-27/ TE-52 |
| 9 (RLIN) | 132852 |
| 700 ## - ADDED ENTRY--PERSONAL NAME | |
| Personal name | Supervised by Asst Prof Dr. Zeeshan Zahid |
| 9 (RLIN) | 132864 |
| 942 ## - ADDED ENTRY ELEMENTS (KOHA) | |
| Source of classification or shelving scheme | |
| Koha item type | Project Report |
| Withdrawn status | Lost status | Source of classification or shelving scheme | Damaged status | Not for loan | Permanent Location | Current Location | Shelving location | Date acquired | Total Checkouts | Full call number | Barcode | Date last seen | Price effective from | Koha item type | Public note |
|---|---|---|---|---|---|---|---|---|---|---|---|---|---|---|---|
| Military College of Signals (MCS) | Military College of Signals (MCS) | Reference | 01/21/2026 | 621.382,KHA | MCSPTE-290 | 01/21/2026 | 01/21/2026 | Project Report | Almirah No.90, Shelf No.4 |
